000 00423nam a2200157Ia 4500
008 090124s9999 xx 000 0 und d
082 _b21182
_a293
245 _a जमीन आणि माती
250 _a0
260 _c1969
300 _a170
630 _a जमीन आणि माती
700 _aवैद्य गो.वि.
730 _a जमीन आणि माती
942 _cBOOK
999 _c134969
_d134969